Switchgear Installations. (Record no. 545544)
[ view plain ]
| 000 -LEADER | |
|---|---|
| fixed length control field | 00407nam a22001457a 4500 |
| 082 ## - DEWEY DECIMAL CLASSIFICATION NUMBER | |
| Classification number | 621.317 |
| Author Mark | KIR |
| -- | L-10, P-36 |
| 100 ## - MAIN ENTRY--PERSONAL NAME | |
| Personal name | Kireyev, M |
| 9 (RLIN) | 41436 |
| 245 ## - TITLE STATEMENT | |
| Title | Switchgear Installations. |
| 260 ## - PUBLICATION, DISTRIBUTION, ETC. | |
| Place of publication, distribution, etc. | Moscow |
| Name of publisher, distributor, etc. | Mir Publishers |
| Date of publication, distribution, etc. | 1967 |
| 300 ## - PHYSICAL DESCRIPTION | |
| Extent | 382 p. : |
| Other physical details | ill. : |
| Dimensions | 6 Cm |
| 526 ## - STUDY PROGRAM INFORMATION NOTE | |
| Program name | 0 |
| Interest level | 0 |
| Reading level | 0 |
| Title point value | 621_317000000000000_KIR |
| 526 ## - STUDY PROGRAM INFORMATION NOTE | |
| Program name | 0 |
| Interest level | 0 |
| Reading level | 0 |
| Title point value | 621_317000000000000_KIR |
| 650 ## - SUBJECT ADDED ENTRY--TOPICAL TERM | |
| Topical term or geographic name entry element | MVE |
| 9 (RLIN) | 41189 |
| 942 ## - ADDED ENTRY ELEMENTS (KOHA) | |
| Source of classification or shelving scheme | |
| Koha item type | Book |
| Withdrawn status | Lost status | Source of classification or shelving scheme | Damaged status | Not for loan | Permanent Location | Current Location | Date acquired | Total Checkouts | Full call number | Barcode | Date last seen | Price effective from | Koha item type |
|---|---|---|---|---|---|---|---|---|---|---|---|---|---|
| Military College of Engineering (MCE) | Military College of Engineering (MCE) | 05/26/2014 | 621.317 KIR | MCE-2854 | 05/26/2014 | 05/26/2014 | Book | ||||||
| Military College of Engineering (MCE) | Military College of Engineering (MCE) | 05/26/2014 | 621.317 KIR | MCE-3477 | 05/26/2014 | 05/26/2014 | Book |
